Novelas ejemplares (Registro nro. 16932)

Detalles MARC
000 -CABECERA
Longitud fija campo de control 00877nam a22002177a 4500
003 - IDENTIFICADOR DELl NÚMERO DE CONTROL
Identificador del número de control OSt
005 - FECHA Y HORA DE LA ÚLTIMA TRANSACCIÓN
Fecha y hora de la última transacción 20150115161638.0
008 - CÓDIGOS DE INFORMACIÓN DE LONGITUD FIJA
Códigos de información de longitud fija 141217b xxu||||| |||| 00| 0 eng d
020 ## - NÚMERO INTERNACIONAL NORMALIZADO PARA LIBROS
Número Internacional Normalizado para Libros (ISBN) 84-376-0223-8
040 ## - FUENTE DE LA CATALOGACIÓN
Centro transcriptor BMC
082 ## - NÚMERO DE LA CLASIFICACIÓN DECIMAL DEWEY
Númeroo de clasificación 863
100 1# - PUNTO DE ACCESO PRINCIPAL-NOMBRE DE PERSONA
Nombre de persona Cervantes Saavedra, Miguel de
Fechas asociadas al nombre 1547-1616
9 (RLIN) 26819
245 10 - MENCIÓN DE TÍTULO
Título Novelas ejemplares
Mención de responsabilidad, etc. Miguel de Cervantes Saavedra ; edición de Harry Sieber
250 ## - MENCIÓN DE EDICIÓN
Mención de edición 7ª ed
260 ## - PUBLICACIÓN, DISTRIBUCIÓN, ETC. (PIE DE IMPRENTA)
Lugar de publicación, distribución, etc. Madrid
Nombre del editor, distribuidor, etc. Catedra
Fecha de publicación, distribución, etc. cop. 1985
300 ## - DESCRIPCIÓN FÍSICA
Extensión 2 v.
Dimensiones 18 cm
505 ## - NOTA DE CONTENIDO CON FORMATO
Nota de contenido con formato Contiene: Vol. 1: La Gitanilla, El Amante Liberal, Rinconete y COrtadillo, La Española Inglesa - Vol. 2: El Licenciado Vidriera, La Fuerza de la Sangre, El Celoso Extremeño, La Ilustre Fregona, Las Dos Doncellas, La Señora Cornelia, El Casamiento Engañoso, El Coloquio de los Perros
650 24 - PUNTO DE ACCESO ADICIONAL DE MATERIA - TÉRMINO DE MATERIA
9 (RLIN) 29289
Término de materia o nombre geográfico como elemento inicial Novela española
700 1# - PUNTO DE ACCESO ADICIONAL - NOMBRE DE PERSONA
Nombre de persona Sieber, Harry
9 (RLIN) 29741
942 ## - ENTRADA DE ELEMENTOS AGREGADOS (KOHA)
Fuente de clasificaión o esquema Dewey Decimal Classification
Koha [por defecto] tipo de item 1- Monografias
Existencias
Suprimido Perdido Fuente de clasificación o esquema Estropeado Restricciones de uso No para préstamo Código de colección Localización permanente Localización actual Localización en estanter&íacute;as Fecha adquisición Fuente de adquisición Número de inventario Préstamos totales Signatura completa Código de barras Fecha última consulta Fecha último préstamo Coste, precio reemplazado Fecha del precio de reemplazo Tipo de item de Koha
NULL NULL Dewey Decimal Classification NULL Prestable NULL NULL Biblioteca Miguel de Cervantes - UNICAES Biblioteca Miguel de Cervantes - UNICAES Sala Principal 20/12/2014 Donación - USIS 026284 1 N CER nov (v. 1) 1026694 05/03/2018 02/03/2018 12.88 20/12/2014 1- Monografias
NULL NULL Dewey Decimal Classification NULL Prestable NULL NULL Biblioteca Miguel de Cervantes - UNICAES Biblioteca Miguel de Cervantes - UNICAES Sala Principal 20/12/2014 Donación - USIS 026285 2 N CER nov (v. 2) 1026695 09/03/2018 05/03/2018 12.88 20/12/2014 1- Monografias